<?xml version="1.0" encoding="UTF-8"?>
<collection xmlns="http://www.loc.gov/MARC21/slim">
 <record>
  <leader>01871nam a22002777a 4500</leader>
  <controlfield tag="001">NCT_66337</controlfield>
  <controlfield tag="008">190812b        xxu||||| |||| 00| 0 vie d</controlfield>
  <datafield tag="999" ind1=" " ind2=" ">
   <subfield code="c">3208</subfield>
   <subfield code="d">3208</subfield>
  </datafield>
  <datafield tag="020" ind1=" " ind2=" ">
   <subfield code="a">9786047223633</subfield>
   <subfield code="c">73000</subfield>
  </datafield>
  <datafield tag="082" ind1="0" ind2="4">
   <subfield code="2">23rd ed.</subfield>
   <subfield code="a">342.02</subfield>
   <subfield code="b">Th116</subfield>
  </datafield>
  <datafield tag="100" ind1="1" ind2=" ">
   <subfield code="a">Thái Vĩnh Thắng</subfield>
   <subfield code="e">Chủ biên</subfield>
  </datafield>
  <datafield tag="245" ind1="1" ind2="0">
   <subfield code="a">Giáo trình luật hiến pháp nước ngoài</subfield>
   <subfield code="c">Thái Vĩnh Thắng (chủ biên); Vũ Hồng Anh, Nguyễn Đăng Dung</subfield>
  </datafield>
  <datafield tag="250" ind1=" " ind2=" ">
   <subfield code="a">Tái bản lần thứ 4 có sửa đổi</subfield>
  </datafield>
  <datafield tag="260" ind1=" " ind2=" ">
   <subfield code="a">H.</subfield>
   <subfield code="b">Công an nhân dân</subfield>
   <subfield code="c">2017</subfield>
  </datafield>
  <datafield tag="300" ind1=" " ind2=" ">
   <subfield code="a">523 tr.</subfield>
   <subfield code="c">22cm</subfield>
  </datafield>
  <datafield tag="500" ind1=" " ind2=" ">
   <subfield code="a">ĐTTS ghi: Trường Đại học Luật Hà Nội</subfield>
  </datafield>
  <datafield tag="520" ind1="3" ind2=" ">
   <subfield code="a">Giáo trình cung cấp những hiểu biết về ngành luật hiến pháp, có thay đổi và bổ sung một số nội dung so với phiên bản năm 1999 để cập nhật những thay đổi trong hiến pháp một số quốc gia có liên quan đến giáo trình.</subfield>
  </datafield>
  <datafield tag="653" ind1=" " ind2=" ">
   <subfield code="a">Luật học</subfield>
  </datafield>
  <datafield tag="700" ind1="1" ind2=" ">
   <subfield code="a">Vũ Hồng Anh </subfield>
  </datafield>
  <datafield tag="700" ind1="1" ind2=" ">
   <subfield code="a">Nguyễn Đăng Dung</subfield>
  </datafield>
  <datafield tag="942" ind1=" " ind2=" ">
   <subfield code="2">ddc</subfield>
   <subfield code="c">BK</subfield>
  </datafield>
  <datafield tag="952" ind1=" " ind2=" ">
   <subfield code="0">0</subfield>
   <subfield code="1">0</subfield>
   <subfield code="2">ddc</subfield>
   <subfield code="4">0</subfield>
   <subfield code="6">342_020000000000000_TH116</subfield>
   <subfield code="7">0</subfield>
   <subfield code="9">17340</subfield>
   <subfield code="a">000001</subfield>
   <subfield code="b">000001</subfield>
   <subfield code="d">2019-08-12</subfield>
   <subfield code="l">1</subfield>
   <subfield code="o">342.02 Th116</subfield>
   <subfield code="p">MD.15789</subfield>
   <subfield code="r">2020-08-31</subfield>
   <subfield code="s">2020-08-19</subfield>
   <subfield code="v">73000.00</subfield>
   <subfield code="w">2019-08-12</subfield>
   <subfield code="y">BK</subfield>
  </datafield>
  <datafield tag="952" ind1=" " ind2=" ">
   <subfield code="0">0</subfield>
   <subfield code="1">0</subfield>
   <subfield code="2">ddc</subfield>
   <subfield code="4">0</subfield>
   <subfield code="6">342_020000000000000_TH116</subfield>
   <subfield code="7">0</subfield>
   <subfield code="9">17341</subfield>
   <subfield code="a">000001</subfield>
   <subfield code="b">000001</subfield>
   <subfield code="d">2019-08-12</subfield>
   <subfield code="l">1</subfield>
   <subfield code="m">1</subfield>
   <subfield code="o">342.02 Th116</subfield>
   <subfield code="p">MD.15790</subfield>
   <subfield code="r">2020-09-16</subfield>
   <subfield code="s">2020-08-19</subfield>
   <subfield code="v">73000.00</subfield>
   <subfield code="w">2019-08-12</subfield>
   <subfield code="y">BK</subfield>
  </datafield>
  <datafield tag="952" ind1=" " ind2=" ">
   <subfield code="0">0</subfield>
   <subfield code="1">0</subfield>
   <subfield code="2">ddc</subfield>
   <subfield code="4">0</subfield>
   <subfield code="6">342_020000000000000_TH116</subfield>
   <subfield code="7">0</subfield>
   <subfield code="9">17342</subfield>
   <subfield code="a">000001</subfield>
   <subfield code="b">000001</subfield>
   <subfield code="d">2019-08-12</subfield>
   <subfield code="o">342.02 Th116</subfield>
   <subfield code="p">MD.15787</subfield>
   <subfield code="r">2019-08-12</subfield>
   <subfield code="v">73000.00</subfield>
   <subfield code="w">2019-08-12</subfield>
   <subfield code="y">BK</subfield>
  </datafield>
  <datafield tag="952" ind1=" " ind2=" ">
   <subfield code="0">0</subfield>
   <subfield code="1">0</subfield>
   <subfield code="2">ddc</subfield>
   <subfield code="4">0</subfield>
   <subfield code="6">342_020000000000000_TH116</subfield>
   <subfield code="7">0</subfield>
   <subfield code="9">18109</subfield>
   <subfield code="a">000001</subfield>
   <subfield code="b">000001</subfield>
   <subfield code="d">2019-10-11</subfield>
   <subfield code="l">1</subfield>
   <subfield code="o">342.02 Th116</subfield>
   <subfield code="p">MD.15788</subfield>
   <subfield code="r">2019-12-23</subfield>
   <subfield code="s">2019-12-10</subfield>
   <subfield code="v">73000.00</subfield>
   <subfield code="w">2019-10-11</subfield>
   <subfield code="y">BK</subfield>
  </datafield>
  <datafield tag="980" ind1=" " ind2=" ">
   <subfield code="a">Thư viện Trường Đại học Nam Cần Thơ</subfield>
  </datafield>
 </record>
</collection>
